| 000 | 00547nam a22001697a 4500 | ||
|---|---|---|---|
| 005 | 20231120081123.0 | ||
| 008 | 231120b |||||||| |||| 00| 0 eng d | ||
| 020 | _a9780409078619 | ||
| 041 | _aEnglish | ||
| 082 | _a343.4 INC | ||
| 100 |
_aLexisNexis editorial staff _lEnglish |
||
| 245 |
_aIncome Tax Legislation : _bincluding the Tax Adminstration Act, _c2013 |
||
| 260 |
_aDurban : _bLexisNexis (Pty) Ltd, _c2013 |
||
| 300 |
_bvii, 465 pages ; _c25 cm. |
||
| 650 |
_aLegal practice _bLaw |
||
| 942 |
_cBK _6ALISON_BN_VRIES |
||
| 999 |
_c786 _d786 |
||